[Event "Charleville Mezieres op 14th"]
[Site "Charleville Mezieres"]
[Date "2017.12.26"]
[Round "5"]
[White "Calaresu, Tony"]
[Black "Regnier, Cedric"]
[Result "1-0"]
[WhiteElo "1344"]
[BlackElo "1479"]
[PlyCount "111"]
[EventDate "2017.12.26"]
[EventType "swiss"]
[EventRounds "7"]
[EventCountry "FRA"]
[SourceTitle "CBM 182 Extra"]
[Source "ChessBase"]
[SourceDate "2018.02.23"]
[SourceVersion "1"]
[SourceVersionDate "2018.02.23"]
[SourceQuality "1"]

1. d4 Nf6 2. Nf3 e6 3. e3 b6 4. b3 Bb7 5. Bd3 c5 6. Bb2 Nc6 7. 0-0 cxd4 8. exd4 Nb4 9. Be2 Rc8 10. c3 Nbd5 11. Ne5 Bd6 12. f4 0-0 13. Bd3 Ne3 14. Qe2 Nxf1 15. Qxf1 Nh5 16. f5 f6 17. Ng4 Nf4 18. Bc2 exf5 19. Bxf5 Re8 20. Bc1 Ne2+ 21. Kh1 Nxc1 22. Qxc1 Qe7 23. Nd2 Bc6 24. Bd3 Qe6 25. Qd1 Kh8 26. Nf2 Qe3 27. Nde4 Qf4 28. Nxd6 Qxd6 29. Qh5 h6 30. Qg6 Kg8 31. Qh7+ Kf8 32. Qg6 Qe7 33. h3 Qf7 34. Qg3 Re7 35. Qf4 Rce8 36. Qf5 Re1+ 37. Rxe1 Rxe1+ 38. Kh2 g6 39. Qf4 Ke7 40. Bc4 d5 41. Bd3 Bd7 42. Qf3 Qe6 43. Ng4 Qd6+ 44. g3 h5 45. Nh6 h4 46. Ng8+ Kd8 47. Nxf6 Qxg3+ 48. Qxg3 hxg3+ 49. Kg2 Ra1 50. Kxg3 Rxa2 51. Nxd5 Be6 52. Nb4 Ra5 53. Nc6+ Kc7 54. Nxa5 bxa5 55. c4 Kd6 56. h4 1-0

[Event "Charleville Mezieres op 14th"]
[Site "Charleville Mezieres"]
[Date "2017.12.26"]
[Round "7"]
[White "Habart, Thomas"]
[Black "Calaresu, Tony"]
[Result "0-1"]
[WhiteElo "1450"]
[BlackElo "1344"]
[PlyCount "60"]
[EventDate "2017.12.26"]
[EventType "swiss"]
[EventRounds "7"]
[EventCountry "FRA"]
[SourceTitle "CBM 182 Extra"]
[Source "ChessBase"]
[SourceDate "2018.02.23"]
[SourceVersion "1"]
[SourceVersionDate "2018.02.23"]
[SourceQuality "1"]

1. d4 e6 2. g3 d5 3. Nf3 Nf6 4. Bg2 Bd6 5. Nc3 0-0 6. 0-0 b6 7. Bg5 c5 8. Nb5 Be7 9. c3 Ba6 10. a4 Nc6 11. Bf4 Bxb5 12. axb5 Na5 13. Be5 c4 14. Qc2 h6 15. Nd2 Bd6 16. Bxd6 Qxd6 17. b3 cxb3 18. Nxb3 Nc4 19. Nd2 Nxd2 20. Qxd2 Qc7 21. Rfc1 Qc4 22. Qc2 Qxb5 23. c4 Qd7 24. Ra4 Rac8 25. Qa2 Rc7 26. Bh3 b5 27. Rb4 dxc4 28. e3 Rb8 29. Qc2 Qd6 30. Bf1 Qxb4 0-1

[Event "Charleville Mezieres op 14th"]
[Site "Charleville Mezieres"]
[Date "2017.12.26"]
[Round "3"]
[White "Vielle, Eric"]
[Black "Calaresu, Tony"]
[Result "0-1"]
[WhiteElo "1250"]
[BlackElo "1344"]
[PlyCount "82"]
[EventDate "2017.12.26"]
[EventType "swiss"]
[EventRounds "7"]
[EventCountry "FRA"]
[SourceTitle "CBM 182 Extra"]
[Source "ChessBase"]
[SourceDate "2018.02.23"]
[SourceVersion "1"]
[SourceVersionDate "2018.02.23"]
[SourceQuality "1"]

1. e4 e5 2. Nf3 Nf6 3. Bc4 Nc6 4. d3 d5 5. exd5 Nxd5 6. Ng5 Be7 7. Qh5 Bxg5 8. Bxg5 Qd6 9. Nc3 Be6 10. Ne4 Qd7 11. Nc5 Qc8 12. 0-0 0-0 13. c3 a5 14. Rae1 b6 15. Nxe6 Qxe6 16. d4 Qd6 17. Qh4 Rfe8 18. Qg3 Re6 19. f4 exf4 20. Rxe6 fxe6 21. Bxf4 Qd7 22. Be5 Nxe5 23. Qxe5 Qd6 24. Qh5 Qd7 25. Bd3 Nf6 26. Rxf6 gxf6 27. Qg4+ Kh8 28. Qe4 Rg8 29. Bc4 Re8 30. a4 Re7 31. Qa8+ Re8 32. Qf3 Qg7 33. Bb5 Re7 34. Qa8+ Qg8 35. Qf3 Qg5 36. Qh3 c5 37. dxc5 Qxc5+ 38. Kh1 Qf5 39. Qe3 Qb1+ 40. Qg1 Qxg1+ 41. Kxg1 e5 0-1